000 00755nam a2200253Ia 4500
003 OSt
005 20220923222806.0
006 a|||||r|||| 00| 0
007 ta
008 220922b |||||||| |||| 00| 0 hin d
024 _a208,019
037 _cTextual
040 _aARTS
_cARTS
_bhin
041 _2hin
_ahin
082 _aO152,3NSA,SA, L8
100 _aसक्सेना, वीना
_9156275
245 0 _aसौगन्ध
246 _aSaugandha
260 _aलखनऊ
_b मंजु प्रका0
_c1978
300 _a152पृ.
_ccm.
650 _aहिन्दी साहित्य
_9156264
942 _hO152,3NSA,SA, L8
_cTEXL
_2CC
999 _c358615
_d358615